[Event "Ontario-ch w"]
[Site "Toronto CAN"]
[Date "2002.08.15"]
[Round "4"]
[White "Belc, Daniela"]
[Black "Smith, Hazel"]
[Result "1-0"]
[WhiteElo "2138"]
[BlackElo "1766"]
[PlyCount "121"]
[EventDate "2002.08.12"]
[EventType "tourn"]
[EventRounds "6"]
[EventCountry "CAN"]

1. d4 Nf6 2. c4 e6 3. Nf3 Nc6 4. Bg5 h6 5. Bh4 Bb4+ 6. Nbd2 g5 7. Bg3 Ne4 8. a3
Bxd2+ 9. Nxd2 Nxg3 10. hxg3 Nxd4 11. Ne4 Nc6 12. Qd2 f6 13. Qc3 e5 14. O-O-O d6
15. Qf3 Kf7 16. c5 Nd4 17. Qc3 d5 18. e3 Bg4 19. f3 Nxf3 20. Rxd5 Qe7 21. Bc4
Kg7 22. gxf3 Bxf3 23. Qd3 Rad8 24. Rf1 g4 25. Nc3 Rxd5 26. Bxd5 Rd8 27. Qc4
Bxd5 28. Nxd5 Qe6 29. e4 c6 30. Ne3 Qxc4+ 31. Nxc4 Kg6 32. Rd1 Rh8 33. Ne3 h5
34. Nf5 Rh7 35. Rd8 Rc7 36. b4 Rh7 37. Kc2 Rc7 38. a4 Rh7 39. Kc3 Rc7 40. Kc4
Rh7 41. b5 cxb5+ 42. axb5 Rc7 43. Kd5 Rh7 44. c6 h4 45. Nxh4+ Kg5 46. Nf5 bxc6+
47. bxc6 a5 48. Kd6 Ra7 49. c7 Rxc7 50. Kxc7 a4 51. Ra8 a3 52. Rxa3 Kg6 53. Kd6
Kg5 54. Ra8 Kh5 55. Ke6 Kg5 56. Rg8+ Kh5 57. Nh4 Kh6 58. Kf7 Kh7 59. Rg7+ Kh6
60. Kxf6 Kh5 61. Rh7# 1-0

[Event "Ontario-ch w"]
[Site "Toronto CAN"]
[Date "2002.08.15"]
[Round "4"]
[White "Sviridovitch, Alina"]
[Black "Kagramanov, Dina"]
[Result "0-1"]
[WhiteElo "1790"]
[BlackElo "2067"]
[PlyCount "68"]
[EventDate "2002.08.12"]
[EventType "tourn"]
[EventRounds "6"]
[EventCountry "CAN"]

1. d4 d5 2. c4 c6 3. Nc3 e6 4. Nf3 dxc4 5. e3 b5 6. a4 Bb4 7. Bd2 a5 8. axb5
Bxc3 9. Bxc3 cxb5 10. b3 Bb7 11. bxc4 b4 12. Bb2 Nf6 13. Bd3 O-O 14. O-O Nbd7
15. Re1 Ne4 16. Qc2 f5 17. Red1 Ng5 18. Nd2 Nf6 19. f3 Qc7 20. Re1 Kh8 21. Re2
h6 22. e4 fxe4 23. fxe4 Nh5 24. Ree1 Qf4 25. Kh1 Qh4 26. Kg1 Rf2 27. Re3 Raf8
28. Re2 Rxe2 29. Bxe2 Qf2+ 30. Kh1 Qxe2 31. d5 Rf2 32. Rd1 Rxg2 33. Be5 Nf3 34.
Nxf3 Qxc2 0-1

[Event "Ontario-ch w"]
[Site "Toronto CAN"]
[Date "2002.08.15"]
[Round "4"]
[White "Xia, Angel"]
[Black "Mitrovic, Bojana"]
[Result "0-1"]
[WhiteElo "1788"]
[BlackElo "2146"]
[PlyCount "60"]
[EventDate "2002.08.12"]
[EventType "tourn"]
[EventRounds "6"]
[EventCountry "CAN"]

1. e4 g6 2. d4 Bg7 3. Nc3 c6 4. a4 d6 5. Bc4 Qb6 6. Nge2 Nf6 7. f3 O-O 8. Bb3
e5 9. Be3 Qc7 10. g4 exd4 11. Nxd4 d5 12. g5 Nh5 13. exd5 Re8 14. Qd2 Qf4 15.
O-O Rxe3 16. Nde2 Qxg5+ 17. Kh1 Bh3 18. Rf2 Bxc3 19. Nxc3 Qe7 20. Ne4 Rxb3 21.
cxb3 cxd5 22. Qxd5 Nc6 23. Qd3 Rd8 24. Qc3 Ne5 25. Qc2 Bf5 26. Rd1 Rc8 27. Qd2
Nxf3 28. Qe2 Qxe4 29. Qxf3 Qxf3+ 30. Rxf3 Be4 0-1

[Event "Ontario-ch w"]
[Site "Toronto CAN"]
[Date "2002.08.16"]
[Round "5"]
[White "Rodina, Nataliya"]
[Black "Belc, Daniela"]
[Result "0-1"]
[WhiteElo "1879"]
[BlackElo "2138"]
[PlyCount "78"]
[EventDate "2002.08.12"]
[EventType "tourn"]
[EventRounds "6"]
[EventCountry "CAN"]

1. e4 c5 2. Nc3 Nc6 3. f4 e6 4. Nf3 d5 5. Bb5 Nge7 6. Ne5 d4 7. Ne2 Qb6 8. a4
a6 9. Nc4 Qc7 10. Bxc6+ Nxc6 11. a5 d3 12. cxd3 Nb4 13. O-O Nxd3 14. Rf3 Nxc1
15. Rxc1 Bd7 16. Nb6 Rd8 17. Nxd7 Qxd7 18. d4 Be7 19. Rd3 O-O 20. d5 exd5 21.
exd5 Bd6 22. Qd2 Rfe8 23. Rf1 c4 24. Rh3 Bc5+ 25. Kh1 Qxd5 26. Qc2 h6 27. Nc3
Qd2 28. Qxd2 Rxd2 29. Na4 Bb4 30. Rh5 Rf2 31. Rd1 Rxf4 32. Rhd5 Re2 33. Rd8+
Kh7 34. R8d7 Be1 35. Kg1 Bxa5 36. Rxb7 Rff2 37. Nc3 Rxg2+ 38. Kf1 Ref2+ 39. Ke1
Rxb2 0-1

[Event "Ontario-ch w"]
[Site "Toronto CAN"]
[Date "2002.08.16"]
[Round "5"]
[White "Smith, Hazel"]
[Black "Sviridovitch, Alina"]
[Result "1-0"]
[WhiteElo "1766"]
[BlackElo "1790"]
[PlyCount "145"]
[EventDate "2002.08.12"]
[EventType "tourn"]
[EventRounds "6"]
[EventCountry "CAN"]

1. e4 c5 2. Nf3 e6 3. c3 d5 4. e5 Nc6 5. d4 Qb6 6. Bd3 cxd4 7. cxd4 Bd7 8. Bc2
Bb4+ 9. Nc3 Rc8 10. O-O Bxc3 11. bxc3 Nge7 12. Rb1 Qc7 13. Bb2 Na5 14. Nd2 Nac6
15. f4 Nxd4 16. cxd4 Qxc2 17. Qxc2 Rxc2 18. Rf2 Nc6 19. Ne4 Rxf2 20. Nd6+ Ke7
21. Kxf2 b6 22. Ba3 g6 23. Nb7+ Ke8 24. Nd6+ Kf8 25. Ke3 Kg7 26. Bc1 f6 27. Bd2
fxe5 28. fxe5 Rf8 29. a4 Rb8 30. a5 Ne7 31. axb6 Rxb6 32. Rxb6 axb6 33. Kd3 Nc6
34. Bc3 Nb8 35. Kc2 Na6 36. Kb3 Kh6 37. Bd2+ Kh5 38. Bc3 Kg4 39. Bd2 h5 40. Nf7
h4 41. Nh6+ Kh5 42. Ng8 g5 43. Nf6+ Kg6 44. Nxd7 b5 45. Nf6 Kf5 46. g4+ hxg3
47. hxg3 Kg6 48. g4 Kh6 49. Nd7 Kg6 50. Nf8+ Kf7 51. Nh7 Ke8 52. Nxg5 Ke7 53.
Bb4+ Kd7 54. Nf7 Nc7 55. Ba5 Ne8 56. Kb4 Kc6 57. Nd8+ Kd7 58. Kxb5 Ke7 59. Nc6+
Kf7 60. Bb4 Ng7 61. Bd2 Kg6 62. Kc5 Kf7 63. Kd6 Ne8+ 64. Kd7 Ng7 65. Nd8+ Kf8
66. Nxe6+ Nxe6 67. Kxe6 Ke8 68. g5 Kf8 69. Kf6 Ke8 70. g6 Kf8 71. e6 Ke8 72. g7
Kd8 73. g8=Q+ 1-0

[Event "Ontario-ch w"]
[Site "Toronto CAN"]
[Date "2002.08.19"]
[Round "6"]
[White "Smith, Hazel"]
[Black "Mitrovic, Bojana"]
[Result "1/2-1/2"]
[WhiteElo "1766"]
[BlackElo "2146"]
[PlyCount "142"]
[EventDate "2002.08.12"]
[EventType "tourn"]
[EventRounds "6"]
[EventCountry "CAN"]

1. e4 g6 2. d4 Bg7 3. Nc3 c6 4. Nf3 d6 5. Be3 Nf6 6. h3 O-O 7. Bd3 Nbd7 8. Qd2
e5 9. Bh6 Re8 10. Bxg7 Kxg7 11. O-O-O b5 12. Kb1 exd4 13. Nxd4 b4 14. Nce2 c5
15. Nf3 Nb6 16. Bb5 Nxe4 17. Qf4 Bd7 18. Bxd7 Nxd7 19. Nd2 d5 20. Ng3 Nxg3 21.
Qxg3 Nf6 22. h4 a5 23. h5 c4 24. Nxc4 Ne4 25. Qf4 g5 26. Qf5 Qc7 27. Ne3 Re5
28. Qf3 Qb7 29. Ng4 Re6 30. Ne3 Nc3+ 31. Ka1 Nxd1 32. Rxd1 Rd8 33. Qf5 h6 34.
f4 Rxe3 35. fxg5 Re6 36. gxh6+ Rxh6 37. Qg5+ Kh7 38. Qxd8 Rxh5 39. Qxa5 Kg6 40.
Qc5 f6 41. Qf2 Qe7 42. b3 Qe5+ 43. Kb1 Rg5 44. Qd2 Qe4 45. Qd4 Rxg2 46. Qc5 Qe2
47. Rc1 Qd2 48. Qf8 Rf2 49. Qg8+ Kf5 50. Qh7+ Ke6 51. Qg8+ Ke5 52. Qe8+ Kf4 53.
Qg6 f5 54. Qh6+ Kf3 55. Qh5+ Ke3 56. Qg5+ f4 57. Qe5+ Kf3 58. Qh5+ Ke4 59. Qg6+
Ke5 60. Qg5+ Kd6 61. Qf6+ Kc5 62. Qe7+ Kd4 63. Qf6+ Ke3 64. Qe5+ Kf3 65. Qh5+
Ke4 66. Qg6+ Kd4 67. Qb6+ Ke4 68. Qg6+ Ke3 69. Qe6+ Kf3 70. Qh3+ Ke2 71. Qe6+
Kf3 1/2-1/2

[Event "Ontario-ch w"]
[Site "Toronto CAN"]
[Date "2002.08.19"]
[Round "6"]
[White "Xia, Angel"]
[Black "Rodina, Nataliya"]
[Result "0-1"]
[WhiteElo "1788"]
[BlackElo "1879"]
[PlyCount "84"]
[EventDate "2002.08.12"]
[EventType "tourn"]
[EventRounds "6"]
[EventCountry "CAN"]

1. e4 c5 2. Nf3 a6 3. d4 cxd4 4. Nxd4 Nf6 5. Nc3 e5 6. Nb3 Bb4 7. Bd3 d5 8.
exd5 Nxd5 9. Bd2 Nxc3 10. bxc3 Bd6 11. Qh5 g6 12. Qh6 Bf8 13. Qe3 Bg7 14. h4 h5
15. Qg3 Qd6 16. O-O O-O 17. Kh1 Nc6 18. Be3 Qc7 19. a4 b6 20. Rab1 Ne7 21. Nd2
Nd5 22. Bc4 Nxe3 23. fxe3 Bf5 24. e4 Bg4 25. Qe3 Rad8 26. Bxa6 Qd7 27. Bd3 Qxa4
28. Qxb6 Qa3 29. Qb4 Qa7 30. Ra1 Qc7 31. Ra6 Rb8 32. Qa3 Bh6 33. Nf3 Bxf3 34.
Rxf3 Bd2 35. Qa2 Rb6 36. Rxb6 Qxb6 37. Bc4 Qc7 38. Qb3 Qe7 39. Bd5 Qxh4+ 40.
Rh3 Qe1+ 41. Kh2 Bf4+ 42. g3 Be3 0-1

[Event "Ontario-ch w"]
[Site "Toronto CAN"]
[Date "2002.08.20"]
[Round "7"]
[White "Kagramanov, Dina"]
[Black "Smith, Hazel"]
[Result "1-0"]
[WhiteElo "2067"]
[BlackElo "1766"]
[PlyCount "31"]
[EventDate "2002.08.12"]
[EventType "tourn"]
[EventRounds "6"]
[EventCountry "CAN"]

1. e4 d5 2. exd5 Qxd5 3. Nc3 Qd8 4. Bc4 g6 5. Nf3 Bg7 6. O-O Nh6 7. d3 Nf5 8.
Bf4 Nd7 9. Bxf7+ Kf8 10. Ng5 Nb6 11. Bb3 Nh6 12. Qf3 Ke8 13. Bf7+ Kf8 14. Be6
Ke8 15. Nb5 Bf6 16. Bxc7 1-0

[Event "Ontario-ch w"]
[Site "Toronto CAN"]
[Date "2002.08.20"]
[Round "7"]
[White "Mitrovic, Bojana"]
[Black "Sviridovitch, Alina"]
[Result "0-1"]
[WhiteElo "2146"]
[BlackElo "1790"]
[PlyCount "98"]
[EventDate "2002.08.12"]
[EventType "tourn"]
[EventRounds "6"]
[EventCountry "CAN"]

1. Nf3 c5 2. g3 b6 3. Bg2 Bb7 4. O-O Nf6 5. c4 e6 6. Nc3 Be7 7. d4 cxd4 8. Qxd4
d6 9. e4 Nbd7 10. Qe3 O-O 11. Nd4 Re8 12. h3 Qc7 13. b3 a6 14. Qd3 Rac8 15. Bd2
Nc5 16. Qc2 Red8 17. Rac1 d5 18. exd5 exd5 19. cxd5 Nxd5 20. Nxd5 Bxd5 21. Bxd5
Rxd5 22. Nf5 Bf6 23. Bf4 Qd7 24. g4 Rd8 25. Be3 h5 26. b4 Nd3 27. Bxb6 Rb8 28.
Ne3 Nxc1 29. Nxd5 Qxd5 30. Bc7 Rc8 31. Rxc1 Be5 32. Qf5 Rxc7 33. Rxc7 Qd1+ 34.
Kg2 Bxc7 35. Qc8+ Qd8 36. Qxa6 hxg4 37. hxg4 Qd5+ 38. Kg1 Qd1+ 39. Qf1 Qxg4+
40. Qg2 Qxb4 41. Qa8+ Qb8 42. Qxb8+ Bxb8 43. Kg2 Kf8 44. Kf3 Ba7 45. Ke2 Ke7
46. f3 Kd6 47. Kd3 Kd5 48. a3 Bc5 49. a4 Bb4 0-1

[Event "Ontario-ch w"]
[Site "Toronto CAN"]
[Date "2002.08.21"]
[Round "8"]
[White "Belc, Daniela"]
[Black "Xia, Angel"]
[Result "0-1"]
[WhiteElo "2138"]
[BlackElo "1788"]
[PlyCount "66"]
[EventDate "2002.08.12"]
[EventType "tourn"]
[EventRounds "6"]
[EventCountry "CAN"]

1. d4 d5 2. Nf3 Nf6 3. c4 Bf5 4. Qb3 dxc4 5. Qxb7 Be4 6. Qb5+ Nbd7 7. Nc3 Rb8
8. Qxc4 Nb6 9. Qb5+ c6 10. Qe5 Bg6 11. Bf4 Nbd7 12. Qc7 Qxc7 13. Bxc7 Rxb2 14.
Rc1 e6 15. Ba5 Nd5 16. Nxd5 exd5 17. a3 Bxa3 18. Rxc6 Rb1+ 19. Kd2 O-O 20. e3
Nf6 21. Ke2 Ne4 22. Nd2 Rb2 23. Ke1 Nxd2 24. Bxd2 Rb1+ 25. Ke2 Rfb8 26. g4 R1b2
27. Bg2 Bb4 28. Rd1 Bc2 29. Rc1 Bd3+ 30. Kf3 Be4+ 31. Kg3 Rxd2 32. f3 Bd3 33.
Rc7 Bd6+ 0-1

[Event "Ontario-ch w"]
[Site "Toronto CAN"]
[Date "2002.08.21"]
[Round "8"]
[White "Mitrovic, Bojana"]
[Black "Kagramanov, Dina"]
[Result "0-1"]
[WhiteElo "2146"]
[BlackElo "2067"]
[PlyCount "94"]
[EventDate "2002.08.12"]
[EventType "tourn"]
[EventRounds "6"]
[EventCountry "CAN"]

1. Nf3 d5 2. g3 c6 3. Bg2 Nf6 4. O-O Bg4 5. c4 e6 6. b3 Nbd7 7. Bb2 Be7 8. d3
O-O 9. Nbd2 a5 10. a3 Re8 11. Qc2 Bf8 12. h3 Bh5 13. Bc3 e5 14. e4 d4 15. Bb2
Qb8 16. g4 Bg6 17. Nxd4 exd4 18. Bxd4 c5 19. Be3 Ne5 20. g5 Nfd7 21. f4 Nc6 22.
Qd1 f6 23. h4 fxg5 24. hxg5 Qd6 25. Nb1 Nd4 26. Nc3 Rad8 27. Nd5 Bf7 28. b4
axb4 29. axb4 Bxd5 30. bxc5 Qxc5 31. cxd5 Qb6 32. Rb1 Qa7 33. Ra1 Qb6 34. Bf2
Bc5 35. Rb1 Qa7 36. Bh3 b5 37. Kh1 b4 38. Bxd4 Bxd4 39. Rxb4 Bb6 40. Be6+ Kh8
41. Qh5 Nf8 42. Rfb1 Nxe6 43. dxe6 Rxe6 44. f5 Red6 45. e5 Qa8+ 46. Re4 Rxd3
47. Qg4 Re3 0-1

[Event "Ontario-ch w"]
[Site "Toronto CAN"]
[Date "2002.08.21"]
[Round "8"]
[White "Rodina, Nataliya"]
[Black "Smith, Hazel"]
[Result "0-1"]
[WhiteElo "1879"]
[BlackElo "1766"]
[PlyCount "98"]
[EventDate "2002.08.12"]
[EventType "tourn"]
[EventRounds "6"]
[EventCountry "CAN"]

1. e4 e6 2. d4 d5 3. Nc3 Bb4 4. Nge2 dxe4 5. a3 Bxc3+ 6. Nxc3 f5 7. h4 Nf6 8.
Bg5 h6 9. Bf4 c6 10. Bc4 O-O 11. Qd2 Nd5 12. O-O-O Nd7 13. f3 Nxf4 14. Qxf4 Nb6
15. Bb3 exf3 16. gxf3 Nd5 17. Bxd5 exd5 18. Rdg1 Qf6 19. h5 Kh7 20. Rg6 Qe7 21.
Rhg1 Rf6 22. Qe5 Be6 23. Na4 b6 24. Nc3 Rxg6 25. Rxg6 Re8 26. Kd2 Bd7 27. f4
Qf8 28. Qd6 Qxd6 29. Rxd6 Re7 30. Ne2 Kg8 31. Ng3 Kf7 32. b3 Ke8 33. c4 dxc4
34. bxc4 Rf7 35. c5 b5 36. Ne2 Ke7 37. Ng1 Rf6 38. Rxf6 Kxf6 39. Nf3 Be8 40.
Ne5 Ke7 41. Kd3 Kd8 42. d5 cxd5 43. Kd4 Kc7 44. Kxd5 Bxh5 45. Ke6 Bg4 46. Kf7
h5 47. Ng6 a5 48. Kxg7 b4 49. axb4 axb4 0-1

[Event "Ottawa Closed"]
[Site "Ottawa CAN"]
[Date "2002.10.06"]
[Round "1"]
[White "Barclay, Wayne"]
[Black "Saleh, Maher"]
[Result "1-0"]
[WhiteElo "2299"]
[BlackElo "2324"]
[PlyCount "45"]
[EventDate "2002.10.06"]
[EventType "tourn"]
[EventRounds "5"]
[EventCountry "CAN"]

1. c4 Nf6 2. Nc3 d5 3. cxd5 Nxd5 4. g3 g6 5. Bg2 Nb6 6. Nf3 Bg7 7. O-O Nc6 8.
d3 O-O 9. Be3 e5 10. Qd2 Re8 11. Rac1 Nd4 12. Rfe1 c6 13. Bg5 f6 14. Bh6 a5 15.
Ne4 Nd5 16. Bxg7 Kxg7 17. Nxd4 exd4 18. Rc4 Nc7 19. Qf4 Ne6 20. Qd6 f5 21. Qe5+
Kh6 22. Nd6 Re7 23. Nxf5+ 1-0

[Event "Ottawa Closed"]
[Site "Ottawa CAN"]
[Date "2002.10.06"]
[Round "1"]
[White "Hergott, Deen"]
[Black "Valdizon, Armando"]
[Result "1/2-1/2"]
[WhiteElo "2479"]
[BlackElo "2300"]
[PlyCount "45"]
[EventDate "2002.10.06"]
[EventType "tourn"]
[EventRounds "5"]
[EventCountry "CAN"]

1. d4 Nf6 2. Nf3 g6 3. g3 Bg7 4. Bg2 O-O 5. O-O d6 6. a4 a5 7. Nc3 Nbd7 8. e4
e5 9. h3 c6 10. Be3 Re8 11. Re1 Qc7 12. dxe5 dxe5 13. Nd2 Bf8 14. f4 Nh5 15.
Qf3 exf4 16. gxf4 Bc5 17. e5 Bxe3+ 18. Rxe3 Nb6 19. b3 Bf5 20. Nde4 Bxe4 21.
Rxe4 Rad8 22. Rf1 Nd5 23. f5 1/2-1/2

[Event "Ottawa Closed"]
[Site "Ottawa CAN"]
[Date "2002.10.06"]
[Round "1"]
[White "Voloaca, Mihnea"]
[Black "Davies, Alex"]
[Result "1-0"]
[WhiteElo "2280"]
[BlackElo "2233"]
[PlyCount "107"]
[EventDate "2002.10.06"]
[EventType "tourn"]
[EventRounds "5"]
[EventCountry "CAN"]

1. d4 Nf6 2. c4 g6 3. Nc3 d6 4. e4 Bg7 5. f3 e5 6. d5 Nfd7 7. Nh3 Bh6 8. g3
Bxc1 9. Qxc1 O-O 10. Qh6 Qf6 11. Be2 Nc5 12. Nf2 a5 13. h4 Nba6 14. h5 Qg7 15.
Qd2 Nb4 16. Kf1 Bd7 17. Kg2 f6 18. Nb5 Nba6 19. Qxa5 f5 20. Qd2 fxe4 21. Nxe4
Nxe4 22. fxe4 Rf6 23. h6 Qe7 24. Nc3 Raf8 25. Raf1 Rxf1 26. Bxf1 Qf6 27. Qe3
Nb4 28. Be2 Nc2 29. Qa7 b6 30. Nd1 Ne3+ 31. Kh2 Nxd1 32. Rf1 Nf2 33. Qxc7 Qe7
34. Kg1 Nh3+ 35. Kh2 Rxf1 36. Bxf1 Nf2 37. Bg2 Ng4+ 38. Kg1 Ne3 39. Bh3 Nxc4
40. Bxd7 Nxb2 41. Be6+ Kf8 42. Qb8+ Qe8 43. Qxd6+ Qe7 44. Qb8+ Qe8 45. Qxe5 Qb5
46. Qf6+ Ke8 47. Bf7+ Kd7 48. Qc6+ Qxc6 49. dxc6+ Kxc6 50. Bxg6 Kd6 51. Bxh7
Ke7 52. Bg8 Kf8 53. h7 Kg7 54. e5 1-0

[Event "Ottawa Closed"]
[Site "Ottawa CAN"]
[Date "2002.11.03"]
[Round "2"]
[White "Davies, Alex"]
[Black "Saleh, Maher"]
[Result "1/2-1/2"]
[WhiteElo "2233"]
[BlackElo "2324"]
[PlyCount "150"]
[EventDate "2002.10.06"]
[EventType "tourn"]
[EventRounds "5"]
[EventCountry "CAN"]

1. e4 Nf6 2. e5 Nd5 3. d4 d6 4. Be2 g6 5. c4 Nb6 6. f4 dxe5 7. fxe5 Bg7 8. Nc3
O-O 9. Be3 c5 10. dxc5 N6d7 11. e6 fxe6 12. Qd2 Qa5 13. Nf3 Nxc5 14. Nb5 Qxd2+
15. Nxd2 Nba6 16. O-O-O Bd7 17. Kb1 Na4 18. Nf3 Bxb5 19. cxb5 Nc7 20. Bd4 Bxd4
21. Rxd4 Nb6 22. Rc1 Nbd5 23. Bc4 Rf5 24. Re4 Rf4 25. Bxd5 Nxd5 26. Rxe6 Rf6
27. Rxf6 exf6 28. Nd4 Kf7 29. Rc5 Rd8 30. a4 Rd7 31. Nb3 f5 32. g3 g5 33. Rc1
Kf6 34. Nd4 f4 35. gxf4 gxf4 36. Nf3 Kf5 37. Re1 Ne3 38. Rg1 Rd1+ 39. Rxd1 Nxd1
40. Kc2 Nf2 41. Kd2 Ne4+ 42. Ke2 Ng5 43. Nd4+ Ke4 44. Nb3 f3+ 45. Kf2 Kf4 46.
Nd4 Ne4+ 47. Kf1 Nc5 48. a5 Ke4 49. Nc2 Nb3 50. Kf2 h6 51. a6 b6 52. h3 Nc5 53.
Ne1 Na4 54. Nxf3 Nxb2 55. Kg3 Nc4 56. Kg4 Ne3+ 57. Kg3 Nf5+ 58. Kg4 h5+ 59.
Kxh5 Kxf3 60. Kg5 Ke4 61. Kf6 Kf4 62. Ke6 Nd4+ 63. Kd5 Nxb5 64. Kc6 Nd4+ 65.
Kb7 b5 66. Kxa7 b4 67. Kb6 b3 68. a7 b2 69. a8=Q b1=Q+ 70. Kc5 Nb3+ 71. Kd6
Qg6+ 72. Kc7 Qf7+ 73. Kb6 Qf6+ 74. Qc6 Qd4+ 75. Kb5 Qe5+ 1/2-1/2

[Event "Ottawa Closed"]
[Site "Ottawa CAN"]
[Date "2002.10.13"]
[Round "2"]
[White "Valdizon, Armando"]
[Black "Barclay, Wayne"]
[Result "1/2-1/2"]
[WhiteElo "2300"]
[BlackElo "2299"]
[PlyCount "142"]
[EventDate "2002.10.06"]
[EventType "tourn"]
[EventRounds "5"]
[EventCountry "CAN"]

1. Nf3 Nf6 2. g3 c5 3. c4 Nc6 4. Bg2 d5 5. O-O e5 6. d3 Be7 7. Na3 d4 8. e3
dxe3 9. fxe3 O-O 10. Nc2 e4 11. dxe4 Qxd1 12. Rxd1 Nxe4 13. Nd2 Bg4 14. Re1 Nd6
15. h3 Bh5 16. Bd5 Ne5 17. g4 Bg6 18. Na3 Nd3 19. Re2 Rae8 20. Nf3 Kh8 21. e4
Bf6 22. g5 Bd8 23. e5 Bh5 24. Re3 Nxc1 25. Rxc1 Bxf3 26. Rxf3 Rxe5 27. h4 Re2
28. Rc2 Rxc2 29. Nxc2 f6 30. Ne1 Re8 31. Nd3 fxg5 32. Nxc5 Bb6 33. b4 gxh4 34.
Kf1 g6 35. Nxb7 Nf5 36. Nc5 Bxc5 37. bxc5 Kg7 38. Ra3 Re7 39. Kf2 Kf6 40. Rb3
Nd4 41. Rd3 Nf5 42. c6 Rc7 43. Bf3 h5 44. c5 g5 45. Rd7 Rxd7 46. cxd7 Ke7 47.
Bxh5 Nd4 48. Bg4 Nc6 49. Ke3 Ne5 50. Bf5 Nxd7 51. Kd4 Kd8 52. c6 Nb6 53. Ke5
Kc7 54. Kf6 Kxc6 55. Kxg5 Kc5 56. Kxh4 Nd5 57. Kg5 a5 58. Be6 Nc3 59. Kf4 Kb4
60. Ke3 Ka3 61. Kd2 Kb2 62. Bg8 a4 63. Bf7 Ne4+ 64. Kd1 Nd6 65. Be6 a3 66. Bd5
Nb5 67. Bg8 Nc3+ 68. Kd2 Nxa2 69. Bxa2 Kxa2 70. Kc2 Ka1 71. Kc1 a2 1/2-1/2

[Event "Ottawa Closed"]
[Site "Ottawa CAN"]
[Date "2002.11.03"]
[Round "2"]
[White "Voloaca, Mihnea"]
[Black "Hergott, Deen"]
[Result "0-1"]
[WhiteElo "2280"]
[BlackElo "2479"]
[PlyCount "96"]
[EventDate "2002.10.06"]
[EventType "tourn"]
[EventRounds "5"]
[EventCountry "CAN"]

1. d4 Nf6 2. c4 d6 3. Nf3 g6 4. Nc3 Bf5 5. Qb3 Qc8 6. h3 Bg7 7. g4 Bd7 8. e4
Nc6 9. Be3 O-O 10. d5 Na5 11. Qa3 b6 12. Rc1 Nb7 13. e5 Ne8 14. Bg5 f6 15. exf6
Nxf6 16. Bg2 Nc5 17. Nd1 a5 18. Qe3 e5 19. dxe6 Nxe6 20. Bh6 Re8 21. O-O Nc5
22. Qg5 Nfe4 23. Qh4 Qd8 24. Qxd8 Raxd8 25. Bxg7 Kxg7 26. Rc2 Nd3 27. b3 Nf4
28. Re1 Bc6 29. Nd4 Bb7 30. Bxe4 Rxe4 31. Rxe4 Bxe4 32. Rc3 c5 33. Re3 d5 34.
Nc6 Rd6 35. cxd5 Bxd5 36. Ne7 Bxb3 37. Nc3 Bf7 38. Nc8 Rc6 39. Na7 Rc7 40. Nab5
Rd7 41. h4 Nd5 42. Rd3 Nxc3 43. Rxd7 Nxb5 44. Rb7 Nc3 45. Rxb6 Nxa2 46. Rb5 c4
47. Rxa5 c3 48. Rc5 Kf6 0-1

[Event "Ottawa Closed"]
[Site "Ottawa CAN"]
[Date "2002.11.10"]
[Round "3"]
[White "Barclay, Wayne"]
[Black "Voloaca, Mihnea"]
[Result "0-1"]
[WhiteElo "2299"]
[BlackElo "2280"]
[PlyCount "80"]
[EventDate "2002.10.06"]
[EventType "tourn"]
[EventRounds "5"]
[EventCountry "CAN"]

1. d4 c6 2. e4 d5 3. exd5 cxd5 4. c4 Nf6 5. Nc3 Be6 6. Bg5 Nc6 7. c5 Qd7 8. Bb5
h6 9. Bf4 g5 10. Be5 Bg7 11. h4 g4 12. Nge2 Nh5 13. Bxg7 Nxg7 14. b4 Nh5 15.
Qb3 Kf8 16. a4 Rg8 17. a5 g3 18. f3 a6 19. Bxc6 bxc6 20. Na4 Bf5 21. Nb6 Qe6
22. Nxa8 Nf4 23. O-O-O Qxe2 24. Rhe1 Qf2 25. Re5 Ne2+ 26. Rxe2 Qxe2 27. Rd2
Qf1+ 28. Kb2 Qb1+ 29. Ka3 Qa1+ 30. Qa2 Qc3+ 31. Ka4 Bd3 32. Rxd3 Qxd3 33. Nc7
Kg7 34. Qb3 Qe2 35. b5 axb5+ 36. Ka3 Rc8 37. Nxd5 cxd5 38. Qxd5 b4+ 39. Ka4 Rb8
40. c6 Qc2+ 0-1

[Event "Ottawa Closed"]
[Site "Ottawa CAN"]
[Date "2002.11.17"]
[Round "3"]
[White "Davies, Alex"]
[Black "Hergott, Deen"]
[Result "0-1"]
[WhiteElo "2233"]
[BlackElo "2479"]
[PlyCount "116"]
[EventDate "2002.10.06"]
[EventType "tourn"]
[EventRounds "5"]
[EventCountry "CAN"]

1. e4 c5 2. c4 Nc6 3. Nc3 g6 4. d3 Bg7 5. g3 d6 6. Bg2 Rb8 7. Nge2 a6 8. a3 b5
9. cxb5 axb5 10. O-O e6 11. b4 Nge7 12. Rb1 Ba6 13. f4 cxb4 14. axb4 Qb6+ 15.
Kh1 O-O 16. Qb3 Bb7 17. Bb2 d5 18. f5 exf5 19. exf5 Nxf5 20. Rxf5 gxf5 21. Nxd5
Qd8 22. Bxg7 Kxg7 23. Qc3+ f6 24. Nef4 Qd6 25. Nh5+ Kh8 26. Nhxf6 Ne5 27. Re1
Rbc8 28. Qa1 Rc2 29. Rxe5 Rxg2 30. Kxg2 Qxf6 31. Qd4 f4 32. gxf4 Qg7+ 33. Kf2
Rg8 34. Re4 Qxd4+ 35. Rxd4 Rd8 36. f5 Rxd5 37. Rxd5 Bxd5 38. Ke3 Kg7 39. Kd4
Bc6 40. Ke5 Kf7 41. d4 Bd7 42. d5 Ke7 43. f6+ Kf7 44. Kd6 Be8 45. Ke5 h6 46. h4
h5 47. Kf5 Bd7+ 48. Kg5 Bg4 49. d6 Bd7 50. Kxh5 Kxf6 51. Kh6 Be8 52. h5 Ke6 53.
Kg5 Bxh5 54. d7 Kxd7 55. Kxh5 Kd6 56. Kg4 Kd5 57. Kf3 Kc4 58. Ke2 Kxb4 0-1

[Event "Ottawa Closed"]
[Site "Ottawa CAN"]
[Date "2002.10.20"]
[Round "3"]
[White "Saleh, Maher"]
[Black "Valdizon, Armando"]
[Result "1/2-1/2"]
[WhiteElo "2324"]
[BlackElo "2300"]
[PlyCount "36"]
[EventDate "2002.10.06"]
[EventType "tourn"]
[EventRounds "5"]
[EventCountry "CAN"]

1. Nf3 g6 2. g3 Bg7 3. d4 d6 4. Bg2 e5 5. dxe5 dxe5 6. Qxd8+ Kxd8 7. Nc3 Na6 8.
Be3 c6 9. O-O-O+ Kc7 10. Nd2 Be6 11. Nde4 Nh6 12. Ng5 Bf5 13. h3 f6 14. Nge4
Nf7 15. Rd2 b6 16. Rhd1 Rad8 17. a4 Rxd2 18. Rxd2 Rd8 1/2-1/2

[Event "Ottawa Closed"]
[Site "Ottawa CAN"]
[Date "2002.11.11"]
[Round "4"]
[White "Hergott, Deen"]
[Black "Barclay, Wayne"]
[Result "1/2-1/2"]
[WhiteElo "2479"]
[BlackElo "2299"]
[PlyCount "121"]
[EventDate "2002.10.06"]
[EventType "tourn"]
[EventRounds "5"]
[EventCountry "CAN"]

1. d4 Nf6 2. Nf3 d5 3. c4 e6 4. g3 c5 5. Bg2 cxd4 6. Nxd4 e5 7. Nc2 d4 8. f4
Nc6 9. Bxc6+ bxc6 10. fxe5 Qa5+ 11. Qd2 Qxe5 12. Qxd4 Qh5 13. Nc3 Bc5 14. Qf4
O-O 15. Qg5 Bh3 16. Qxh5 Nxh5 17. Be3 Bxe3 18. Nxe3 Rae8 19. Ned1 Re5 20. Nf2
Bc8 21. O-O-O Nf6 22. Rd6 h5 23. Rhd1 Re6 24. Rxe6 Bxe6 25. b3 Rc8 26. e4 Kf8
27. Na4 Nd7 28. Nd3 Bg4 29. Rd2 Ke7 30. Nac5 Rh8 31. Nxd7 Bxd7 32. Ne5 Be8 33.
Nf3 Rh6 34. c5 Rf6 35. Rd3 Bd7 36. Kd2 g5 37. Nxg5 Rf2+ 38. Ke3 Rxa2 39. Nxf7
Rxh2 40. Ne5 Be8 41. b4 Rb2 42. Rd4 a6 43. Nd3 Rg2 44. Kf4 Rg1 45. Rd6 Rf1+ 46.
Ke3 Rg1 47. Kf2 Rd1 48. e5 Ra1 49. Rh6 a5 50. Rh7+ Kd8 51. bxa5 Rxa5 52. Nf4
Ra2+ 53. Kf3 Ra3+ 54. Ke4 Rxg3 55. e6 Rg5 56. Ra7 Rxc5 57. Kd4 Rf5 58. Nd3 Rd5+
59. Kc4 Bg6 60. Nf4 Rg5 61. Nxg6 1/2-1/2

[Event "Ottawa Closed"]
[Site "Ottawa CAN"]
[Date "2002.11.10"]
[Round "4"]
[White "Valdizon, Armando"]
[Black "Davies, Alex"]
[Result "1-0"]
[WhiteElo "2300"]
[BlackElo "2233"]
[PlyCount "89"]
[EventDate "2002.10.06"]
[EventType "tourn"]
[EventRounds "5"]
[EventCountry "CAN"]

1. d4 Nf6 2. Nf3 d5 3. c4 c6 4. cxd5 cxd5 5. Bf4 e6 6. Nc3 Nc6 7. a3 Be7 8. e3
O-O 9. Bd3 a6 10. O-O b5 11. Rc1 Bb7 12. b4 a5 13. Nxb5 axb4 14. a4 Qa5 15. Ra1
Rfc8 16. Nd2 Qd8 17. Qb1 h6 18. Rc1 Ne8 19. Nb3 Qd7 20. h3 Ra6 21. Nc5 Bxc5 22.
dxc5 Rca8 23. Nd4 Rxa4 24. Rxa4 Rxa4 25. Bb5 Ra8 26. Qxb4 f6 27. Bxc6 Bxc6 28.
Qb6 Rc8 29. Ra1 e5 30. Ra7 Rc7 31. Nxc6 Qxc6 32. Rxc7 Qxc7 33. Bg3 Kf7 34. f4
e4 35. Qb5 f5 36. Be1 g5 37. Ba5 Qa7 38. Bb6 Qe7 39. c6 Qd6 40. Bc5 Qc7 41. Qb7
gxf4 42. Bb6 Qe7 43. Bd8 Qxb7 44. cxb7 fxe3 45. b8=Q 1-0